Профессионально-этические основы социальной работы: учебник

Bibliografiset tiedot
Päätekijä: Медведева Г. П. Галина Павловна
Yhteenveto:В учебнике в соответствии с программой курса изложен материал, необходимый социальному работнику в его практической и научной деятельности. Особое внимание уделено формированию у студентов целостного, системного представления об этико-аксиологических основах деятельности в социальной работе. Для студентов высших учебных заведений, обучающихся по специальности «Социальная работа», преподавателей и социальных работников.
Kieli:venäjä
Julkaistu: Москва, Академия, 2007
Sarja:Высшее профессиональное образование. Социальная работа
Aiheet:
Aineistotyyppi: MixedMaterials Kirja
KOHA link:https://koha.lib.tpu.ru/cgi-bin/koha/opac-detail.pl?biblionumber=130408

MARC

LEADER 00000nam0a2200000 4500
001 130408
005 20231101220235.0
010 |a 9785769532009 
035 |a (RuTPU)RU\TPU\book\141238 
090 |a 130408 
100 |a 20080204d2007 m y0rusy50 ca 
101 0 |a rus 
102 |a RU 
105 |a a j 001zy 
200 1 |a Профессионально-этические основы социальной работы  |e учебник  |f Г. П. Медведева 
210 |a Москва  |c Академия  |d 2007 
215 |a 272 с.  |c ил. 
225 1 |a Высшее профессиональное образование. Социальная работа 
320 |a Библиография в конце тем. 
320 |a Литература: с. 266-268. 
330 |a В учебнике в соответствии с программой курса изложен материал, необходимый социальному работнику в его практической и научной деятельности. Особое внимание уделено формированию у студентов целостного, системного представления об этико-аксиологических основах деятельности в социальной работе. Для студентов высших учебных заведений, обучающихся по специальности «Социальная работа», преподавателей и социальных работников. 
451 1 |0 (RuTPU)RU\TPU\book\113613  |y 5-7139-0117-3  |t Профессионально-этические основы социальной работы  |o курс лекций  |f Г. П. Медведева  |g Московский государственный социальный университет  |c М.  |n Изд-во МГСУ  |d 2002  |p 304 с.  |s Новый образовательный стандарт. Социальные науки  |a Медведева, Г. П. 
606 1 |a Социальная работа  |x Этика  |2 stltpush  |3 (RuTPU)RU\TPU\subj\36958  |9 58149 
610 1 |a социальная работа 
610 1 |a профессиональные ценности 
610 1 |a этические основы 
610 1 |a методология 
610 1 |a деонтологические конфликты 
610 1 |a профессиональный долг 
610 1 |a социальные работники 
610 1 |a профессиограммы 
610 1 |a этический кодекс 
610 1 |a этикет 
610 1 |a учебники 
686 |a У9(2)272я73  |v LBC/SL-A  |2 rubbk 
700 1 |a Медведева  |b Г. П.  |g Галина Павловна 
801 1 |a RU  |b 63413507  |c 20080204  |g PSBO 
801 2 |a RU  |b 63413507  |c 20210525  |g PSBO 
900 |a Социальная работа 
900 |a Основы социальной работы 
900 |a Этика 
900 |a Этика социальной работы 
900 |a Профессионально-этические нормы социальной работы 
900 |a Профессиональная этика 
942 |c BK 
952 |b 040100  |b 040101 
959 |a 12/20080201  |d 2  |e 0  |f АНЛ:1  |f ЧЗГЛ:1